000 00513nam a22002177a 4500
003 UA-OsUOA
001 107523
007 ta
008 20140902b un ||||| |||| 00| 0 ukr d
100 _aГладуненко О.
090 _a908
_bГ52
942 _cSA
040 _aUA-OsUOA
_bukr
_cUA-OsUOA
_dUA-OsUOA
245 _aВійна дійшла і до Острога
300 _aС.7
955 _a0
041 _aukr
080 _a908
773 0 _w107491
650 7 _a908 Краєзнавство
_2UDC
999 _c393728
_d393728